|
|
|
|
| LEADER |
00000nam a22000007a 4500 |
| 005 |
20151109103814.0 |
| 007 |
cr|||| ||u| |
| 008 |
151109s19852015-usd|||o |||| 0|||a1eng d |
| 022 |
|
|
|a 8750-6890
|
| 035 |
|
|
|a 2843
|
| 040 |
|
|
|a vLex
|
| 090 |
|
|
|c 5677
|d 5677
|
| 245 |
1 |
0 |
|a San Diego Business Journal
|h [Recurso electrn̤ico] /
|c CBJ, L.P.
|
| 256 |
|
|
|a Servicio en ln̕ea
|
| 260 |
|
|
|a Estados Unidos
|b CBJ, L.P.
|c 1985 - 2015
|
| 300 |
|
|
|a 1 recurso electrn̤ico
|
| 310 |
|
|
|a Diaria
|
| 506 |
1 |
|
|a Contenido solo disponible en los productos indicados
|d vLex Global
|d vLex Global (Academic Edition, excluding Law Schools)
|d vLex Global (U.S. Academic Edition, Law Schools)
|d vLex Global (U.S. Academic Edition, excluding Law Schools)
|d vLex Global (Academic Edition, Law Schools)
|
| 650 |
0 |
4 |
|a Diarios
|z Estados Unidos
|
| 740 |
0 |
|
|a vLex revista (servicio en ln̕ea)
|
| 856 |
4 |
0 |
|u http://vlex.com/source/san-diego-business-journal-2843
|z Acceso restringido
|
| 942 |
|
|
|c REV
|
| 999 |
0 |
|
|a Newspapers
|